000 00926cam a2200265 4500
008 010921n2002 000 0 eng u
020 _a0750650966
035 _a(Sirsi) u114762
050 _a333.72
100 _aBeggs, C.
245 _aEnergy management, supply and conservation
260 _aLondon
_bButterworth-Heinemann
_c2002
300 _aix,284p.
_c25cm.
350 _a24.99
520 _aA comprehensive text considering the theory and practice of energy supply, management and auditing. Includes chapters on the environment, competition in the energy market and energy efficient building services and design.
650 _aBlock management
_96220
650 _aBUILT ENVIRONMENT-CONSTRUCTION DESIGN
650 _aENERGY
_96237
650 _aENERGY AUDITS
650 _aENERGY CONSERVATION
650 _aENERGY EFFICIENCY
650 _aENERGY SURVEYS
690 _aEnvironment
_96238
942 _n0
999 _c101667
_d101667